000 00886nmc a2200313 a 4500
003 AR-BaBNM
005 20251128205306.0
008 317019s1992 ||||||||||||||000 | spa||
020 _a950-755-035-6
040 _cAR-BaBNM
100 1 _aColuccio, Félix
_d1911-2005
245 1 0 _aLlamar el alma
260 _aBuenos Aires
_bEdiciones Braga
_c1992
300 0 _a113 p.
_bil.
490 0 _aAlas de halcón
500 0 _aContiene vocabulario al final de cada relato
650 4 _aLITERATURA ARGENTINA
650 4 _aLITERATURA INFANTIL
650 4 _aLITERATURA FOLKLORICA
650 4 _aCOSTUMBRES Y TRADICIONES
650 4 _aLIBROS PARA NINOS
653 0 _aCUENTO FANTASTICO
655 _aLITERATURA
700 1 _aClemen, José
_eilustrador
800 1 _aMenghi, Luis Alberto
_edirector
800 1 _aRovere, Susana Inés
_edirector
942 _cBK
998 _cMARTIN
999 _c10775
_d10775